| 000 | 00975nam a2200265Ia 4500 | ||
|---|---|---|---|
| 001 | 21820 | ||
| 005 | 20260320113315.0 | ||
| 008 | 260320s9999||||xx |||||||||||||| ||und|| | ||
| 020 | _a9786123170769 | ||
| 041 | _aESP | ||
| 082 |
_a711.09852 _bK16 |
||
| 100 |
_aKahatt, Sharif S., _eAUT |
||
| 245 | 0 |
_aUtopías construidas : _blas unidades vecinales de Lima |
|
| 246 |
_a _5 _b |
||
| 250 | _aPrimera edición, segunda reimpresión | ||
| 260 |
_aLima : _bFondo Editorial de la Pontificia Universidad Católica del Perú, _c2019 |
||
| 300 |
_a518 páginas : _bfotografías, planos, diagramas ; _c24 cm. _e |
||
| 440 |
_a _n _v |
||
| 650 | _aABD | ||
| 653 | _aUrbanismo - Lima (Perú) - 1945-1975; Espacio (Arquitectura) - Lima (Perú); Política de vivienda - Lima (Perú) | ||
| 654 | _aCAU | ||
| 700 |
_a _c |
||
| 856 |
_uhttps://www-architectureopenlibrary-com.ucsp.lookproxy.com/ _zVéase además: Base de datos Architecture Open Library |
||
| 942 |
_cLIB _dJUS _fMAT _2ddc _n |
||
| 999 |
_c21820 _d21820 |
||